[Event "8 Player Open 16"]
[Site "SchemingMind.com"]
[Date "2014.10.20"]
[Round "-"]
[White "Derek Price"]
[Black "frankly"]
[Result "1/2-1/2"]
[WhiteCountry "ENG"]
[BlackCountry "ENG"]
[WhiteElo "2331"]
[WhiteRD "73"]
[BlackElo "2403"]
[BlackRD "62"]
[GameID "367456"]

1. e4 c5 2. Nf3 Nc6 3. d4 cxd4 4. Nxd4 e5 5. Nb5 d6 6. c4 Be7 7. N1c3 a6 8. Na3 Nf6 9. Nc2 O-O 10. Be2 Be6
11. O-O Rc8 12. b3 b5 13. cxb5 Na7 14. Qd3 Nxb5 15. Nxb5 axb5 16. Ne3 b4 17. Bb2 Qb6 18. Rfd1 g6 19. Bf3 Rc7 20. a3 bxa3
21. Bxa3 Ra8 22. Nc4 Bxc4 23. bxc4 Qc6 24. Rdc1 Ra4 25. g3 Rxc4 26. Kg2 Rc3 27. Qe2 Nd7 28. Rxc3 Qxc3 29. Rc1 Qa5 30. Bb4 Qb6
31. Rxc7 Qxc7 32. Qd3 Nf6 33. Bd2 Kg7 34. Bg5 Ne8 35. Be3 Qb7 36. Qd2 h5 37. h4 Bd8 38. Bh6+ Kh7 39. Be3 Bc7 40. Bg5 Ng7
41. Be3 Ne6 42. Qa2 Qc6 43. Qb2 Ba5 44. Qc1 Qb5 45. g4 hxg4 46. Bxg4 Qb7 47. Qc4 Qe7 48. Kf1 Kg7 49. h5 gxh5 50. Bxh5 Qh4
51. Bf3 Qh2 52. Qe2 Bc3 53. Bg2 Qh4 54. Qf3 Bd4 55. Bd2 Nc5=
1/2-1/2

[Event "8 Player Open 16"]
[Site "SchemingMind.com"]
[Date "2014.10.20"]
[Round "-"]
[White "frankly"]
[Black "Derek Price"]
[Result "1/2-1/2"]
[WhiteCountry "ENG"]
[BlackCountry "ENG"]
[WhiteElo "2395"]
[WhiteRD "63"]
[BlackElo "2321"]
[BlackRD "77"]
[GameID "367457"]

1. d4 d5 2. c4 c6 3. Nf3 Nf6 4. e3 e6 5. Bd3 Nbd7 6. O-O Bd6 7. Nbd2 O-O 8. e4 e5 9. cxd5 cxd5 10. Re1 Re8
11. exd5 exd4 12. Ne4 Nxe4 13. Bxe4 Nf6 14. Bg5 h6 15. Bxf6 Qxf6 16. Qxd4 Qxd4 17. Nxd4 Be5 18. Rad1 Bd7 19. Re3 Bf4 20. Re2 Bd6
21. g3 Rac8= 22. Kg2 g6 23. a3 Kg7 24. h4 Kf6 25. Rd3 Rc4 26. b3 Rc5 27. b4 Rc4 28. Bf3 Rec8 29. Ree3 Be5 30. Nb3 Bf5
31. Rd2 b6 32. Rde2 Bd6 33. h5 g5 34. Re1 Bc2 35. Bd1 Bxb3 36. Rf3+ Rf4 37. Rxb3 Rd4 38. Rf3+ Kg7 39. Bb3 a5 40. bxa5 bxa5
41. Rd1 Re4 42. a4 g4 43. Rfd3 f5 44. Rb1 f4 45. gxf4 Rxf4 46. Re3 Rcf8 47. Rb2 R8f5 48. Rbe2 Bc5 49. Rc3 Rxf2+ 50. Rxf2 Rxf2+
51. Kg3 Rf3+ 52. Rxf3 gxf3=
1/2-1/2

[Event "8 Player Open 16"]
[Site "SchemingMind.com"]
[Date "2014.10.29"]
[Round "-"]
[White "Derek Price"]
[Black "Eric111"]
[Result "1-0"]
[WhiteCountry "ENG"]
[BlackCountry "USA"]
[WhiteElo "2321"]
[WhiteRD "77"]
[BlackElo "1467"]
[BlackRD "49"]
[GameID "367892"]

1. e4 c6 2. d4 d5 3. Nd2 dxe4 4. Nxe4 Bf5 5. Ng3 Bg6 6. N1e2 e6 7. Nf4 Ne7 8. h4 h6 9. Nxg6 Nxg6 10. h5 Ne7
11. c3 Nd7 12. Qf3 Nd5 13. Bd3 Bd6 14. Bd2 Qb6 15. O-O-O f5 16. Rhe1 Nf8 17. Nxf5 O-O-O 18. Nxg7 Rg8 19. Qf7 Ne7 20. Ne8 Kd7
21. Nxd6 Kxd6 22. Bf4+ Kd7 23. Rxe6
1-0

[Event "8 Player Open 16"]
[Site "SchemingMind.com"]
[Date "2014.10.29"]
[Round "-"]
[White "Eric111"]
[Black "Derek Price"]
[Result "0-1"]
[WhiteCountry "USA"]
[BlackCountry "ENG"]
[WhiteElo "1467"]
[WhiteRD "49"]
[BlackElo "2321"]
[BlackRD "77"]
[GameID "367893"]

1. c4 e5 2. Nc3 Nf6 3. Nf3 Nc6 4. g3 Bb4 5. Qc2 O-O 6. Bg2 Re8 7. d3 e4 8. dxe4 Rxe4 9. O-O Bxc3 10. Qxc3 Rxe2
11. Bg5 h6 12. Bxf6 Qxf6 13. Qxf6 gxf6 14. b3 d6 15. Rfe1 Rxe1+ 16. Rxe1 Be6 17. h4 a5 18. Rd1 a4 19. Kh2 axb3 20. axb3 Ra2
21. Rd2 Ra3 22. Rd3 Bxc4
0-1

[Event "8 Player Open 16"]
[Site "SchemingMind.com"]
[Date "2014.10.29"]
[Round "-"]
[White "Eric111"]
[Black "frankly"]
[Result "0-1"]
[WhiteCountry "USA"]
[BlackCountry "ENG"]
[WhiteElo "1467"]
[WhiteRD "49"]
[BlackElo "2395"]
[BlackRD "63"]
[GameID "367894"]

1. c4 e5 2. Nc3 Nc6 3. g3 Nf6 4. Bg2 Bc5 5. e3 O-O 6. a3 d6 7. Nge2 Bb6 8. d4 exd4 9. exd4 Na5 10. O-O Nxc4
11. b3 Na5 12. b4 Nc6 13. Be3 h6 14. a4 a5 15. b5 Nb4 16. Qb3 c6 17. bxc6 bxc6 18. Rfd1 Bf5 19. h3 Bc2
0-1

[Event "8 Player Open 16"]
[Site "SchemingMind.com"]
[Date "2014.10.29"]
[Round "-"]
[White "frankly"]
[Black "Eric111"]
[Result "1-0"]
[WhiteCountry "ENG"]
[BlackCountry "USA"]
[WhiteElo "2395"]
[WhiteRD "63"]
[BlackElo "1467"]
[BlackRD "49"]
[GameID "367895"]

1. d4 d5 2. c4 c6 3. Nf3 Nf6 4. e3 Bf5 5. Bd3 Bxd3 6. Qxd3 e6 7. O-O Nbd7 8. Nbd2 Be7 9. Re1 O-O 10. e4 dxe4
11. Nxe4 Nxe4 12. Qxe4 Nf6 13. Qe2 Qc7 14. Bg5 h6 15. Bh4 Rfd8 16. Rad1 Qa5 17. a3 b5 18. Ne5 Rac8 19. Nxf7 Kxf7 20. Qxe6+ Kf8
21. Qxe7+ Kg8 22. Bxf6 gxf6 23. Qxf6
1-0

[Event "8 Player Open 16"]
[Site "SchemingMind.com"]
[Date "2014.10.29"]
[Round "-"]
[White "Derek Price"]
[Black "Adrian Grajczak"]
[Result "1/2-1/2"]
[WhiteCountry "ENG"]
[BlackCountry "POL"]
[WhiteElo "2332"]
[WhiteRD "76"]
[BlackElo "2208"]
[BlackRD "76"]
[GameID "367915"]

1. e4 c5 2. Nf3 Nc6 3. d4 cxd4 4. Nxd4 Nf6 5. Nc3 e6 6. Nxc6 bxc6 7. e5 Nd5 8. Ne4 Qc7 9. f4 Qb6 10. c4 Ne3
11. Qd3 Bb4+ 12. Bd2 O-O 13. Rc1 a5 14. Bxb4 Qxb4+ 15. Qd2 f5 16. Nd6 Rb8 17. Qxb4 Rxb4 18. b3 c5 19. Rc3 Nxf1 20. Rxf1 Bb7
21. Kf2 a4 22. Rb1 Bc6 23. a3 Rxb3 24. Rcxb3 axb3 25. Rxb3 Ra8=
1/2-1/2

[Event "8 Player Open 16"]
[Site "SchemingMind.com"]
[Date "2014.10.29"]
[Round "-"]
[White "Adrian Grajczak"]
[Black "Derek Price"]
[Result "1/2-1/2"]
[WhiteCountry "POL"]
[BlackCountry "ENG"]
[WhiteElo "2175"]
[WhiteRD "81"]
[BlackElo "2331"]
[BlackRD "73"]
[GameID "367916"]

1. e4 c5 2. Nf3 d6 3. d4 cxd4 4. Nxd4 Nf6 5. Nc3 a6 6. Be3 e6 7. g4 e5 8. Nf5 g6 9. g5 gxf5 10. exf5 d5
11. Qf3 d4 12. O-O-O Nbd7 13. Bxd4 exd4 14. Rxd4 Bc5 15. Rd2 Qc7 16. gxf6 Nxf6 17. Nd5 Nxd5 18. Rxd5 Rg8 19. Bc4 Be7 20. Qe4 Kf8
21. Qd4 Bg5+ 22. Kb1 b5 23. Bb3 Qe7 24. Re5 Qd7=
1/2-1/2

[Event "8 Player Open 16"]
[Site "SchemingMind.com"]
[Date "2014.10.29"]
[Round "-"]
[White "Eric111"]
[Black "Adrian Grajczak"]
[Result "0-1"]
[WhiteCountry "USA"]
[BlackCountry "POL"]
[WhiteElo "1468"]
[WhiteRD "48"]
[BlackElo "2175"]
[BlackRD "81"]
[GameID "367917"]

1. c4 f5 2. b3 Nf6 3. Bb2 e6 4. g3 Be7 5. Bg2 O-O 6. Nf3 c6 7. Nc3 d5 8. cxd5 exd5 9. e3 Ne4 10. O-O Nd7
11. d3 Nxc3 12. Bxc3 Nf6 13. Bxf6 Bxf6 14. Rc1 Qa5 15. a4 Bd7 16. d4 Qb4 17. Qc2 Rae8 18. Rfe1 g5 19. Qc3 Qxc3 20. Rxc3 g4
21. Nd2 Bxd4 22. Rd3 Bg7 23. Nb1 f4 24. Kf1 f3 25. Bh1 Bf5 26. Rd4 Bxd4 27. exd4 Bd3+
0-1

[Event "8 Player Open 16"]
[Site "SchemingMind.com"]
[Date "2014.10.29"]
[Round "-"]
[White "Adrian Grajczak"]
[Black "Eric111"]
[Result "1-0"]
[WhiteCountry "POL"]
[BlackCountry "USA"]
[WhiteElo "2175"]
[WhiteRD "81"]
[BlackElo "1468"]
[BlackRD "48"]
[GameID "367918"]

1. e4 c6 2. d4 d5 3. f3 e6 4. Nc3 Bb4 5. Bf4 Ne7 6. Qd3 Nd7 7. O-O-O Bxc3 8. Qxc3 O-O 9. Bd3 Ng6 10. Be3 e5
11. exd5 cxd5 12. Bxg6 exd4 13. Bxh7+ Kxh7 14. Qxd4 Nf6 15. Bg5 Re8 16. Ne2 Re6 17. Nf4 Rd6 18. Bxf6 Rxf6 19. Qxd5 Qxd5 20. Nxd5 Rc6
21. Ne7 Rc7 22. Nxc8 Raxc8 23. c3 Re8 24. Rhe1 Rxe1 25. Rxe1 a6 26. Kc2 g6 27. b3
1-0

[Event "8 Player Open 16"]
[Site "SchemingMind.com"]
[Date "2014.10.29"]
[Round "-"]
[White "Adrian Grajczak"]
[Black "frankly"]
[Result "1/2-1/2"]
[WhiteCountry "POL"]
[BlackCountry "ENG"]
[WhiteElo "2218"]
[WhiteRD "74"]
[BlackElo "2402"]
[BlackRD "69"]
[GameID "367919"]

1. e4 c5 2. Nf3 Nc6 3. d4 cxd4 4. Nxd4 e5 5. Nb5 d6 6. N1c3 a6 7. Na3 b5 8. Nd5 Nf6 9. Bg5 Be7 10. Bxf6 Bxf6
11. c4 b4 12. Nc2 O-O 13. Be2 a5 14. O-O Bg5 15. Qd3 Be6 16. Rfd1 Rb8 17. b3 g6 18. h3 Rb7 19. Bf3 Bxd5 20. cxd5 Nb8
21. Ne3 Bxe3 22. Qxe3 Nd7 23. Rac1 Nc5 24. Rc2 a4 25. Rc4 Kg7 26. bxa4 Qd7 27. Rb1= Qxa4 28. Qd2 Rfb8 29. Bd1 Qa6 30. Bb3 Rc8
31. Qd1 Qb6 32. Qg4 Rbc7 33. Qf3 Qb5 34. Rbc1 Qb7 35. R4c2 Ra8 36. h4 h5 37. g3 Rac8 38. Kg2 Qa6 39. Qe3 Kh7 40. Qf3= Qb5
41. Qe3 Ra8 42. Bc4 Qb8 43. Rb1 Kg7 44. Rcb2 Rb7 45. Qe1 Ra4 46. Qe2 Ra3 47. Bb3 Qf8 48. Bc2 Qc8 49. Rxb4 Rxa2 50. Qc4 Rba7
51. R1b2 Ra1 52. Bb1 Qg4 53. Rb8 R7a3 54. Qe2 Qxe2 55. Rxe2 Rc3 56. Reb2 Rc1 57. Bc2 Rg1+ 58. Kf3 Rge1 59. R8b6 Ra3+ 60. Kg2 Rc3
61. Ra2 Rc4 62. Kf3 Rc1 63. Rbb2 Kf6 64. Bb1 Rd1=
1/2-1/2

[Event "8 Player Open 16"]
[Site "SchemingMind.com"]
[Date "2014.10.29"]
[Round "-"]
[White "frankly"]
[Black "Adrian Grajczak"]
[Result "1/2-1/2"]
[WhiteCountry "ENG"]
[BlackCountry "POL"]
[WhiteElo "2408"]
[WhiteRD "65"]
[BlackElo "2208"]
[BlackRD "76"]
[GameID "367920"]

1. d4 Nf6 2. c4 g6 3. Nc3 Bg7 4. Nf3 O-O 5. e4 d6 6. h3 e5 7. d5 Na6 8. Bg5 Qe8 9. Be2 Nh5 10. O-O Nf4
11. Rc1 Bd7 12. Bxf4 exf4 13. Qd2 Nc5 14. Rfe1 a5 15. Qxf4 Qe7 16. Bf1 Rfe8 17. Rcd1 Qf6 18. Qd2 a4 19. Nd4 h5 20. g3 h4
21. g4 g5 22. Bg2 Qxd4 23. Qxd4 Bxd4 24. Rxd4 Kg7 25. f3 f5 26. gxf5 Bxf5 27. Nb5 Rac8 28. Rd2 Bd7 29. Nd4 Kf6 30. b4 axb3
31. axb3 Na6 32. Nc2 b5 33. cxb5 Bxb5 34. Ra1 Rb8 35. Nd4 Nb4 36. Bf1 Bd7 37. Ra3 Ra8 38. Rxa8 Rxa8 39. Kh2 Ke5 40. Bc4 Ra1
41. Ne6 Bxe6 42. dxe6 Kf6 43. e5+ Ke7 44. exd6+ cxd6 45. Kg2 Ra2 46. Rxa2 Nxa2 47. f4 gxf4 48. Kf3 Nb4 49. Kxf4 d5 50. Be2=
1/2-1/2

[Event "8 Player Open 16"]
[Site "SchemingMind.com"]
[Date "2014.11.04"]
[Round "-"]
[White "Derek Price"]
[Black "michel"]
[Result "1/2-1/2"]
[WhiteCountry "ENG"]
[BlackCountry "CAN"]
[WhiteElo "2331"]
[WhiteRD "73"]
[BlackElo "2323"]
[BlackRD "61"]
[GameID "367956"]

1. e4 d6 2. d4 Nf6 3. Nc3 e5 4. Nf3 Nbd7 5. Bc4 Be7 6. O-O O-O 7. a4 a5 8. Re1 c6 9. h3 Nb6 10. Ba2 Nfd7
11. Be3 exd4 12. Bxd4 Nc5 13. Bxc5 dxc5 14. Qe2 Qd6 15. Rad1 Qg6 16. Kf1 Qh6 17. Qd2 Qxd2 18. Nxd2 g6 19. Nc4 Nxc4 20. Bxc4 Kg7
21. Rd3 Rb8 22. g4 Rd8 23. Rxd8 Bxd8 24. Re3 Bc7=
1/2-1/2

[Event "8 Player Open 16"]
[Site "SchemingMind.com"]
[Date "2014.11.04"]
[Round "-"]
[White "michel"]
[Black "Derek Price"]
[Result "0-1"]
[WhiteCountry "CAN"]
[BlackCountry "ENG"]
[WhiteElo "2323"]
[WhiteRD "61"]
[BlackElo "2331"]
[BlackRD "73"]
[GameID "367957"]

1. e4 c5 2. Nf3 d6 3. d4 cxd4 4. Qxd4 Nc6 5. Bb5 Bd7 6. Bxc6 Bxc6 7. Nc3 Nf6 8. Bg5 e6 9. O-O-O Be7 10. Rhe1 O-O
11. Qd2 Qc7 12. Nd4 Rfd8 13. f3 a6 14. g4 Be8 15. h4 b5 16. Nce2 a5 17. Kb1 b4 18. Nf4 a4 19. Ndxe6 fxe6 20. Nxe6 Qb7
21. Nxd8 Rxd8 22. h5 h6 23. Be3 Bf7 24. Bd4 Nd7 25. f4 b3 26. cxb3 axb3 27. a3 Ne5 28. Qe2 Bc4 29. Qe3 Nxg4 30. Qc3 Rc8
31. Qh3 Nf6 32. Bxf6 Bxf6 33. Rxd6 Rc7 34. Qe3 Kh8 35. e5 Be7 36. Rb6 Qa8 37. Qd4 Bd5 38. Qd3 Bg8 39. Rd1 Qc8 40. Rg6 Rc2
41. f5 Rf2
0-1

[Event "8 Player Open 16"]
[Site "SchemingMind.com"]
[Date "2014.10.31"]
[Round "-"]
[White "Eric111"]
[Black "michel"]
[Result "0-1"]
[WhiteCountry "USA"]
[BlackCountry "CAN"]
[WhiteElo "1467"]
[WhiteRD "49"]
[BlackElo "2340"]
[BlackRD "61"]
[GameID "367958"]

1. d4 Nf6 2. c4 c5 3. d5 b5 4. cxb5 a6 5. bxa6 g6 6. Nc3 Bxa6 7. g3 d6 8. Bg2 Bg7 9. Nf3 Nbd7 10. O-O Nb6
11. Re1 O-O 12. Rb1 Bc4 13. e4 Bxa2 14. Nxa2 Rxa2 15. Be3 Nxe4 16. Bc1 Nf6 17. Nh4 Qc7 18. Be3 Rb8 19. b3 Qb7 20. Bf4 h6
21. Be3 Nbxd5
0-1

[Event "8 Player Open 16"]
[Site "SchemingMind.com"]
[Date "2014.10.31"]
[Round "-"]
[White "michel"]
[Black "Eric111"]
[Result "1-0"]
[WhiteCountry "CAN"]
[BlackCountry "USA"]
[WhiteElo "2340"]
[WhiteRD "61"]
[BlackElo "1467"]
[BlackRD "49"]
[GameID "367959"]

1. e4 e5 2. Nf3 Nc6 3. d4 exd4 4. Nxd4 Bc5 5. Be3 Qf6 6. c3 Nge7 7. Bc4 b6 8. O-O Bb7 9. Nb3 Bxe3 10. fxe3 Qg6
11. Bxf7+
1-0

[Event "8 Player Open 16"]
[Site "SchemingMind.com"]
[Date "2014.11.04"]
[Round "-"]
[White "michel"]
[Black "Adrian Grajczak"]
[Result "0-1"]
[WhiteCountry "CAN"]
[BlackCountry "POL"]
[WhiteElo "2305"]
[WhiteRD "55"]
[BlackElo "2208"]
[BlackRD "76"]
[GameID "367960"]

1. e4 c5 2. Nf3 Nc6 3. Bb5 g6 4. Bxc6 dxc6 5. h3 Bg7 6. d3 Nf6 7. Nc3 O-O 8. Be3 b6 9. Qd2 e5 10. Bh6 Qd6
11. Nh2 Nh5 12. Bxg7 Kxg7 13. Ne2 Be6 14. g4 Nf6 15. f4 exf4 16. Qc3 g5 17. e5 Qe7 18. Kf2 Nd5 19. Qd2 Ne3 20. Nc3 f5
21. exf6+ Qxf6 22. Nf3 Rae8 23. a4 Bd5 24. Nxd5 cxd5 25. a5 Qxb2 26. axb6 axb6 27. c4 Qxd2+ 28. Nxd2 Re7 29. Rhe1 Rfe8 30. Rab1 dxc4
31. Nxc4 Nxc4 32. Rxe7+ Rxe7 33. dxc4 Re6
0-1

[Event "8 Player Open 16"]
[Site "SchemingMind.com"]
[Date "2014.11.04"]
[Round "-"]
[White "Adrian Grajczak"]
[Black "michel"]
[Result "1/2-1/2"]
[WhiteCountry "POL"]
[BlackCountry "CAN"]
[WhiteElo "2208"]
[WhiteRD "76"]
[BlackElo "2305"]
[BlackRD "55"]
[GameID "367961"]

1. e4 d6 2. d3 e5 3. Be3 f5 4. exf5 Bxf5 5. g3 Nf6 6. Bg2 d5 7. d4 Nc6 8. dxe5 Nxe5 9. Ne2 c6 10. O-O Bd6
11. Nbc3 Qd7 12. Nd4 Bh3 13. Bf4 O-O 14. Re1 Rae8 15. Bxe5 Bxe5 16. Qd3 Bg4 17. b4 Bh5 18. Qd2 Qe7 19. Na4 Ng4 20. Nf3 Bxa1
21. Rxe7 Rxe7 22. c3 Rfe8 23. Bf1 Nf6 24. Nd4 Re1 25. f3 Rb1 26. Kg2 Ree1 27. Be2 Bf7 28. Qe3 b5=
1/2-1/2

[Event "8 Player Open 16"]
[Site "SchemingMind.com"]
[Date "2014.11.04"]
[Round "-"]
[White "michel"]
[Black "frankly"]
[Result "1/2-1/2"]
[WhiteCountry "CAN"]
[BlackCountry "ENG"]
[WhiteElo "2340"]
[WhiteRD "61"]
[BlackElo "2395"]
[BlackRD "63"]
[GameID "367962"]

1. e4 c5 2. Nf3 Nc6 3. Bb5 e6 4. Bxc6 bxc6 5. d3 Ne7 6. Qe2 d5 7. b3 Ng6 8. h4 h5 9. g3 Qa5+ 10. Bd2 Qd8
11. e5 Qc7 12. O-O f6 13. Bc3 Be7 14. Bb2 Rb8 15. c4 d4 16. Re1 Qb6 17. Nbd2 f5 18. Kg2 a5 19. Bc1 Qa7 20. Nf1 Bd8
21. Bg5 Bc7 22. Rab1 Bd7 23. Bd2 Kf8 24. Bg5=
1/2-1/2

[Event "8 Player Open 16"]
[Site "SchemingMind.com"]
[Date "2014.11.04"]
[Round "-"]
[White "frankly"]
[Black "michel"]
[Result "1-0"]
[WhiteCountry "ENG"]
[BlackCountry "CAN"]
[WhiteElo "2395"]
[WhiteRD "63"]
[BlackElo "2340"]
[BlackRD "61"]
[GameID "367963"]

1. d4 Nf6 2. c4 c5 3. d5 b5 4. cxb5 a6 5. b6 Bb7 6. Nc3 e6 7. e4 exd5 8. exd5 d6 9. a4 a5 10. Nf3 Be7
11. Bc4 Nbd7 12. O-O Nxb6 13. Bb5+ Nbd7 14. Nh4 O-O 15. Nf5 Ne8 16. Re1 Bf6 17. Ne4 Be5 18. Bg5 f6 19. Bh6 Bc8 20. f4 Nb6
21. Neg3 gxh6 22. fxe5 fxe5 23. Qg4+ Kh8 24. Bxe8 Qf6 25. Bc6 Bxf5 26. Nxf5 Qxf5 27. Qxf5 Rxf5 28. Bxa8 Nxa8 29. Rf1 Rxf1+ 30. Rxf1 Kg7
31. Rf3 Nb6 32. Rb3 Nxa4 33. Rb7+ Kf6 34. Rd7 Nxb2 35. Rxd6+ Ke7 36. Rxh6 a4 37. Kf2 c4 38. Ke2 Nd3 39. Kd2
1-0

[Event "8 Player Open 16"]
[Site "SchemingMind.com"]
[Date "2014.11.01"]
[Round "-"]
[White "Derek Price"]
[Black "mmccaffe"]
[Result "1-0"]
[WhiteCountry "ENG"]
[BlackCountry "USA"]
[WhiteElo "2321"]
[WhiteRD "77"]
[BlackElo "1690"]
[BlackRD "57"]
[GameID "367975"]

1. e4 e5 2. Nf3 Nc6 3. Bb5 a6 4. Ba4 Nf6 5. O-O b5 6. Bb3 Be7 7. Re1 d6 8. c3 O-O 9. h3 Nb8 10. d3 Bb7
11. Nbd2 Nbd7 12. Nf1 Re8 13. Ng3 c5 14. Bd2 Qc7 15. Qe2 Bf8 16. c4 b4 17. Nf5 g6 18. Nh6+ Kg7 19. Ng5 Ng8 20. Ngxf7
1-0

[Event "8 Player Open 16"]
[Site "SchemingMind.com"]
[Date "2014.10.31"]
[Round "-"]
[White "mmccaffe"]
[Black "Derek Price"]
[Result "0-1"]
[WhiteCountry "USA"]
[BlackCountry "ENG"]
[WhiteElo "1690"]
[WhiteRD "57"]
[BlackElo "2321"]
[BlackRD "77"]
[GameID "367976"]

1. d4 d5 2. c4 c6 3. Nf3 Nf6 4. e3 e6 5. Nc3 Nbd7 6. Bd3 dxc4 7. Bxc4 b5 8. Bd3 Bb7 9. O-O a6 10. Qe2 c5
11. dxc5 Bxc5 12. Rd1 O-O 13. b3 Rc8 14. Bb2 Bb4 15. Rac1 Qa5 16. e4 Bxc3 17. Bxc3 Rxc3
0-1

[Event "8 Player Open 16"]
[Site "SchemingMind.com"]
[Date "2014.10.31"]
[Round "-"]
[White "Eric111"]
[Black "mmccaffe"]
[Result "0-1"]
[WhiteCountry "USA"]
[BlackCountry "USA"]
[WhiteElo "1467"]
[WhiteRD "49"]
[BlackElo "1690"]
[BlackRD "57"]
[GameID "367977"]

1. e4 e6 2. d4 d5 3. Nc3 Nf6 4. e5 Nfd7 5. f4 c5 6. Nf3 Nc6 7. Be3 Qb6 8. Na4 Qa5+ 9. c3 cxd4 10. b4 Qc7
11. Nxd4 Nxd4 12. Bxd4 Be7 13. Be2 O-O 14. O-O Nb8 15. Nb2 Nc6 16. a3 Nxd4 17. cxd4 Bd7 18. Kh1 Rac8 19. Rc1 Qb8 20. Rxc8 Rxc8
21. Qd3 Qc7 22. Qd2 Qc2
0-1

[Event "8 Player Open 16"]
[Site "SchemingMind.com"]
[Date "2014.10.31"]
[Round "-"]
[White "mmccaffe"]
[Black "Eric111"]
[Result "1-0"]
[WhiteCountry "USA"]
[BlackCountry "USA"]
[WhiteElo "1690"]
[WhiteRD "57"]
[BlackElo "1467"]
[BlackRD "49"]
[GameID "367978"]

1. d4 d5 2. c4 c6 3. Nf3 Nf6 4. Nc3 e6 5. e3 Nbd7 6. Bd3 dxc4 7. Bxc4 Be7 8. O-O O-O 9. Qe2 b5 10. Bb3 Bb7
11. e4 c5 12. e5 Nd5 13. Rd1 cxd4 14. Nxd4 b4 15. Nxd5 Bxd5 16. Bxd5 exd5 17. Nf5 Re8 18. Nxe7+ Qxe7 19. Rxd5 Nxe5 20. Bf4 f6
21. Re1 Rad8 22. Rxd8 Rxd8 23. Bxe5 Qxe5 24. Qxe5 fxe5 25. h3 Re8 26. f4 e4 27. Kf2 Kf7 28. Ke3 Kf6 29. Rd1 Ke6 30. Rd4 Kf5
31. g4+ Kf6 32. Rxe4 Rxe4+ 33. Kxe4 h6 34. Kd5 Ke7 35. Ke5 a5= 36. b3 Kd7 37. Kf5 Ke7 38. Kg6 Kf8 39. f5 Kg8 40. h4 Kh8
41. g5 hxg5 42. hxg5 Kg8 43. f6 gxf6 44. gxf6
1-0

[Event "8 Player Open 16"]
[Site "SchemingMind.com"]
[Date "2014.10.31"]
[Round "-"]
[White "mmccaffe"]
[Black "michel"]
[Result "0-1"]
[WhiteCountry "USA"]
[BlackCountry "CAN"]
[WhiteElo "1690"]
[WhiteRD "57"]
[BlackElo "2340"]
[BlackRD "61"]
[GameID "367979"]

1. d4 Nf6 2. c4 c5 3. d5 b5 4. cxb5 a6 5. e3 e6 6. dxe6 fxe6 7. Nc3 axb5 8. Bxb5 Bb7 9. Nf3 Be7 10. b3 O-O
11. O-O Nc6 12. Bb2 d5 13. Qe2 Bd6 14. Rfd1 Qe7 15. Rac1 h6 16. Na4 Ne4 17. Nc3 Nf6 18. Na4 Rf7 19. Bxc6 Bxc6 20. Nc3 e5
21. a4 e4 22. Ne1 Raf8 23. f4 d4 24. exd4 cxd4 25. Nb5 Bxf4 26. Rxc6 Be3+ 27. Kh1 Ng4 28. Nf3 exf3 29. gxf3 Nf2+ 30. Kg2 Qg5+
0-1

[Event "8 Player Open 16"]
[Site "SchemingMind.com"]
[Date "2014.11.01"]
[Round "-"]
[White "michel"]
[Black "mmccaffe"]
[Result "1-0"]
[WhiteCountry "CAN"]
[BlackCountry "USA"]
[WhiteElo "2340"]
[WhiteRD "61"]
[BlackElo "1690"]
[BlackRD "57"]
[GameID "367980"]

1. e4 e5 2. Nf3 Nc6 3. d4 exd4 4. Nxd4 Bc5 5. Be3 Nxd4 6. Bxd4 Bxd4 7. Qxd4 Qf6 8. e5 Qb6 9. Qxb6 axb6 10. Nc3 Ne7
11. O-O-O Nc6 12. Bc4 Na5 13. Bb5 c6 14. Be2 O-O 15. b4
1-0

[Event "8 Player Open 16"]
[Site "SchemingMind.com"]
[Date "2014.11.01"]
[Round "-"]
[White "mmccaffe"]
[Black "Adrian Grajczak"]
[Result "0-1"]
[WhiteCountry "USA"]
[BlackCountry "POL"]
[WhiteElo "1717"]
[WhiteRD "57"]
[BlackElo "2175"]
[BlackRD "81"]
[GameID "367981"]

1. d4 Nf6 2. c4 g6 3. Nc3 Bg7 4. e4 d6 5. f3 O-O 6. Be3 c6 7. Bd3 Nbd7 8. Nge2 e5 9. d5 cxd5 10. cxd5 Nh5
11. Qd2 a6 12. O-O b5 13. Rfc1 f5 14. Bxb5 axb5 15. Nxb5 fxe4 16. fxe4 Ndf6 17. Qd3 Ng4 18. Nc7 Rb8
0-1

[Event "8 Player Open 16"]
[Site "SchemingMind.com"]
[Date "2014.10.31"]
[Round "-"]
[White "Adrian Grajczak"]
[Black "mmccaffe"]
[Result "1-0"]
[WhiteCountry "POL"]
[BlackCountry "USA"]
[WhiteElo "2175"]
[WhiteRD "81"]
[BlackElo "1717"]
[BlackRD "57"]
[GameID "367982"]

1. e4 e5 2. Nf3 Nc6 3. Bb5 d6 4. c4 a6 5. Ba4 Nf6 6. Nc3 Bd7 7. d4 exd4 8. Nxd4 Nxd4 9. Bxd7+ Qxd7 10. Qxd4 Qe6
11. O-O Be7 12. Nd5 Nxd5 13. cxd5 Qf6 14. Qc4 Rc8 15. Qb4 b6 16. Qa4+
1-0

[Event "8 Player Open 16"]
[Site "SchemingMind.com"]
[Date "2014.10.31"]
[Round "-"]
[White "mmccaffe"]
[Black "frankly"]
[Result "0-1"]
[WhiteCountry "USA"]
[BlackCountry "ENG"]
[WhiteElo "1690"]
[WhiteRD "57"]
[BlackElo "2395"]
[BlackRD "63"]
[GameID "367983"]

1. d4 Nf6 2. c4 e6 3. Nf3 c5 4. d5 b5 5. dxe6 fxe6 6. cxb5 a6 7. e3 Be7 8. Nc3 O-O 9. b3 axb5 10. Bb2 b4
11. Ne2 Ba6 12. Nf4 Bxf1 13. Kxf1 Qc7 14. g3 Ne4 15. Nd2 Nc3 16. Qc2 Qc6 17. Rg1 d5 18. Ne2 Qa6 19. Bxc3 bxc3 20. Qxc3 Bf6
0-1

[Event "8 Player Open 16"]
[Site "SchemingMind.com"]
[Date "2014.10.31"]
[Round "-"]
[White "frankly"]
[Black "mmccaffe"]
[Result "1-0"]
[WhiteCountry "ENG"]
[BlackCountry "USA"]
[WhiteElo "2395"]
[WhiteRD "63"]
[BlackElo "1690"]
[BlackRD "57"]
[GameID "367984"]

1. d4 d5 2. c4 e6 3. Nc3 Nf6 4. Nf3 Be7 5. Bf4 a6 6. e3 O-O 7. a3 c5 8. dxc5 Bxc5 9. Qc2 Nbd7 10. cxd5 Nxd5
11. Nxd5 exd5 12. Rd1 d4 13. Nxd4
1-0

[Event "8 Player Open 16"]
[Site "SchemingMind.com"]
[Date "2014.10.31"]
[Round "-"]
[White "Derek Price"]
[Black "Chessibelle"]
[Result "1-0"]
[WhiteCountry "ENG"]
[BlackCountry "ENG"]
[WhiteElo "2321"]
[WhiteRD "77"]
[BlackElo "1223"]
[BlackRD "58"]
[GameID "367989"]

1. e4 e5 2. Nf3 Nc6 3. Bb5 Qf6 4. Nc3 d6 5. Nd5 Qd8 6. d4 Bd7 7. O-O Nf6 8. Nxf6+ Qxf6 9. d5 Nb8 10. Qd3 c6
11. Bc4 b5 12. dxc6 Nxc6 13. Bxb5 Be7 14. Bg5 Qe6 15. Bxe7 Qxe7 16. Rfd1 O-O 17. Qxd6 Rac8 18. Qxe7 Nxe7 19. Rxd7 Ng6 20. c4 Ra8
21. Bc6 Rab8 22. b3 Rbc8 23. Bd5 Nf4 24. Nxe5 g6 25. Bxf7+ Kg7 26. g3 Nh5 27. Rxa7 Kf6 28. Ng4+ Kg5 29. Be6 Rcd8 30. h4#
1-0

[Event "8 Player Open 16"]
[Site "SchemingMind.com"]
[Date "2014.10.31"]
[Round "-"]
[White "Chessibelle"]
[Black "Derek Price"]
[Result "0-1"]
[WhiteCountry "ENG"]
[BlackCountry "ENG"]
[WhiteElo "1223"]
[WhiteRD "58"]
[BlackElo "2321"]
[BlackRD "77"]
[GameID "367990"]

1. Nf3 Nf6 2. d4 e6 3. Bd2 d5 4. e3 c5 5. Bb5+ Nbd7 6. Nc3 a6 7. Bd3 Bd6 8. g3 O-O 9. Ne5 Nxe5 10. dxe5 Bxe5
11. a3 Bd7 12. O-O Bc6 13. f4 Bc7 14. Qe2 c4 15. Bxh7+ Kxh7 16. Rfe1 e5 17. f5 d4 18. Nb1 dxe3 19. Qxe3 Qd5 20. Re2 Qh1+
21. Kf2 Ng4#
0-1